header

The international theory of Leonard Woolf (Record no. 103537)

MARC details
000 -LEADER
fixed length control field 01529nam a2200373Ia 4500
082 04 - DEWEY DECIMAL CLASSIFICATION NUMBER
Classification number 327.1/092
100 1# - MAIN ENTRY--AUTHOR NAME
Personal name Wilson, Peter
245 14 - TITLE STATEMENT
Title The international theory of Leonard Woolf
250 ## - EDITION STATEMENT
Edition statement 1st ed.
260 ## - PUBLICATION, DISTRIBUTION, ETC. (IMPRINT)
Place of publication New York :
Name of publisher Palgrave Macmillan,
Year of publication 2003.
300 ## - PHYSICAL DESCRIPTION
Number of Pages xiv, 269 p.
490 1# - SERIES STATEMENT
Series statement Palgrave Macmillan series on the history of international thought
650 #0 - SUBJECT ADDED ENTRY--TOPICAL TERM
Topical Term International relations
Topical Term Idealism
Topical Term World politics
856 40 - ELECTRONIC LOCATION AND ACCESS
Uniform Resource Identifier http://site.ebrary.com/lib/rucke/Doc?id=10115193

No items available.

© 2026 Rongo University
Contact us: librarian | system librarian | Rongo university